Statistics for Christian Rock Bands Quiz

Click here to take the quiz!

General Stats

  • This quiz has been taken 39 times
  • The average score is 5 of 15

Answer Stats

SongBand% Correct
MonsterSkillet
74%
God's Not DeadNewsboys
61%
Dare You to MoveSwitchfoot
52%
Courtesy CallThousand Foot Krutch
45%
Breathe Into MeRed
42%
Dear X, You Don't Own MeDisciple
32%
On My OwnAshes Remain
26%
I Am a StoneDemon Hunter
26%
What Faith Can DoKutless
23%
Anthem for the Underdog12 Stones
19%
UnbreakableFireflight
19%
FrontlinePillar
19%
We Fall ApartWe As Human
19%
FadingDecyfer Down
16%
Anthem of the LonelyNine Lashes
16%

Score Distribution

Percentile by Number Answered

Percent of People with Each Score

Your Score History

You have not taken this quiz